Going to a concert (Record no. 788141)

MARC details
000 -LEADER
fixed length control field 00497nam a22001937a 4500
003 - CONTROL NUMBER IDENTIFIER
control field 3228
005 - DATE AND TIME OF LATEST TRANSACTION
control field 20251029120710.0
008 - FIXED-LENGTH DATA ELEMENTS--GENERAL INFORMATION
fixed length control field eng
020 ## - INTERNATIONAL STANDARD BOOK NUMBER
International Standard Book Number <a href="9781406235166">9781406235166</a>
Qualifying information (hbk)
040 ## - CATALOGING SOURCE
Original cataloging agency RDA
Transcribing agency 3228
082 #0 - DEWEY DECIMAL CLASSIFICATION NUMBER
Classification number J 780.78 RISS
942 ## - ADDED ENTRY ELEMENTS
Creator ID 170
Creator Name Busisiwe Dlamini
Modifier ID 170
Modifier Name Busisiwe Dlamini
100 ## - MAIN ENTRY--PERSONAL NAME
Personal name Rebecca Rissman
245 ## - TITLE STATEMENT
Title Going to a concert
Statement of responsibility, etc. Rebecca Rissman
260 ## - PUBLICATION, DISTRIBUTION, ETC.
Place of publication, distribution, etc. London
Name of publisher, distributor, etc. Raintree
Date of publication, distribution, etc. 2012
300 ## - PHYSICAL DESCRIPTION
Extent 24 pages
Other physical details Colour photographs
Dimensions 18 centimeters
490 ## - SERIES STATEMENT
Series statement World of field trips
942 ## - ADDED ENTRY ELEMENTS
Source of classification or shelving scheme Dewey Decimal Classification
item type Book
Call number prefix J 780.78
Call number suffix RISS
Holdings
Withdrawn status Lost status Source of classification or shelving scheme Damaged status Not for loan Collection code Home library Current library Shelving location Date acquired Total Checkouts Full call number Barcode Date last seen Price effective from item type
    Dewey Decimal Classification     700: Arts & Recreation Ethandukukhanya Public Library Ethandukukhanya Public Library General Stacks 29.10.2025   J 780.78 RISS 33228031062485 29.10.2025 29.10.2025 Book